Wild Cats Multiple Choice - Statistics

General Stats
  • This quiz has been taken 66 times
  • The average score is 8 of 15
Answer Stats
Question Answer % Correct
Which of these isn't the name of a real cat species? Green Cat
100%
The European wildcat still exists in Scotland. True
100%
The fishing cat eats only fish. False
86%
Which of these cats is in the subfamily Pantherinae? Clouded Leopard
71%
Which of these cats has the strongest bite force relative to its size? Jaguar
71%
The Pallas's cat has never been sighted in which country? Thailand
71%
Which of these prehistoric cats went extinct first? Dinofelis
57%
The emblem called the Aq Bars features which cat with wings? Snow Leopard
57%
Which of these cats is most closely related to the domestic cat? Sand Cat
43%
Where did species of Smilodon (sabre-toothed tiger) live? Americas
29%
Which of these cats is not listed as Least Concern? Iberian Lynx
29%
Is the Asiatic lion its own subspecies of lion? No
29%
Cats belong to the suborder Feliformia. Which of these groups of mammals are not feliformes? Weasels
29%
How many extant subspecies of tiger exist? 2
0%
Which species of lynx has the highest recorded weight? Eurasian Lynx
0%
No matching quizzes found
Score Distribution
Percent of People with Each Score
Percentile by Number Answered
Your Score History
You have not taken this quiz